000 00384nam a2200157 i 4500
001 bg
100 1 _aKOŁODZIEJ, Eugeniusz.
245 0 _aElektrotechnika i elektronika /
_cE. Kołodziej, B. Sochoń.
250 _aWyd. 5.
260 _aWarszawa,
_c1986.
700 1 _aSOCHOŃ, Borys.
040 _cBPK
041 _apol
942 _cKS
008 s pl f |000 0 pol
999 _c4584
_d4584
856 _uhttp://koha.tu.koszalin.pl/cgi-bin/koha/opac-detail.pl?biblionumber=4584
_yKatalog online BPK